Obálka Náhled e-knihy:
PDF Epub
Pro půjčování e-knih musíte být přihlášeni.
Jak si půjčit online?

Příchozí. Kniha první, Pán snů /

Úvod fantasy série, jejímiž hlavními hrdiny jsou děti s nevšedními schopnostmi.

Uloženo v:
Série:Příchozí, část 1
Hlavní autor: Poklop, Vladimír (Autor)
Médium: E-kniha
Jazyk:Czech
Vydáno: České Budějovice : Kopp, 2020
Vydání:První vydání
Témata:
Příbuzné jednotky:Z cyklu:: Příchozí
Tagy:
Žádné tagy
LEADER 02565cam a2200457 i 4500
001 311512
003 CZ PrSKC
005 20260601215707.0
007 ta
008 201022s2020 xr c 000 f cze d
015 |a cnb003261723 
020 |a 9788072325290  |q (brožováno) 
035 |a (OCoLC)1245648320 
040 |a ULG001  |b cze  |d BOA001  |e rda 
072 7 |a 821.162.3-3  |x Česká próza  |2 Konspekt 
072 7 |a 821-93  |x Literatura pro děti a mládež (beletrie)  |2 Konspekt 
080 |a 821.162.3-31  |2 MRF 
080 |a 821-93  |2 MRF 
080 |a (0:82-312.9)  |2 MRF 
100 1 |a Poklop, Vladimír  |7 xx0260862  |4 aut 
245 1 0 |a Příchozí.  |n Kniha první,  |p Pán snů /  |c Vladimír Poklop 
246 3 0 |a Pán snů 
250 |a První vydání 
264 1 |a České Budějovice :  |b Kopp,  |c 2020 
300 |a 288 stran ;  |c 20 cm 
336 |a text  |b txt  |2 rdacontent 
337 |a bez média  |b n  |2 rdamedia 
338 |a svazek  |b nc  |2 rdacarrier 
520 2 |a Úvod fantasy série, jejímiž hlavními hrdiny jsou děti s nevšedními schopnostmi.  |b Marek, na první pohled nenápadný a nevýrazný kluk, má odmala vlastnost řídit své sny, kterou tají před svým okolím. Když cesta do jeho podvědomí rozšíří jeho vnímání i na pochody ve svém těle, získává tím zcela nové schopnosti. Se svojí výlučností se svěří a předá ji svým dvěma nejbližším kamarádům. Postupně se všichni tři snaží rozvíjet své nové schopnosti a zároveň je skrývat před svými rodiči a „normálními“ spoluvrstevníky. Díky své zvědavosti narážejí na organizaci, která, zdá se, odpradávna soustřeďuje jedince s podobnými vlastnostmi a ta se je snaží zařadit mezi své členy. Nakladatelská anotace. Kráceno. 
655 7 |a české romány  |7 fd133974  |2 czenas 
655 7 |a fantasy romány  |7 fd184199  |2 czenas 
655 7 |a publikace pro mládež  |7 fd133157  |2 czenas 
655 9 |a Czech fiction  |2 eczenas 
655 9 |a fantasy novels  |2 eczenas 
655 9 |a juvenile literature  |2 eczenas 
787 0 8 |i Z cyklu:  |t Příchozí  |g 1 
900 |a ABA001  |b 19 
044 |a xr 
910 |a RBIT002 
998 |d 347443  |a https://core.palmknihy.cz/api/books/347443/cover?r8f5p9  |b https://core.palmknihy.cz/api/books/347443/cover/400?r8f5p9  |c https://core.palmknihy.cz/api/books/347443/cover/50?r8f5p9  |e   |g 292  |i 9788072325290  |j https://core.palmknihy.cz/api/books/347443/preview.epub  |k https://core.palmknihy.cz/api/books/347443/preview.pdf  |l   |q 49  |r 1  |s https://www.palmknihy.cz/kniha/347443  |t ebook  |y 2022  |z 0  |v Příchozí  |w 1 
999 |d 311510